| 000 | 00473nam a2200145Ia 4500 | ||
|---|---|---|---|
| 008 | 230917s9999||||xx |||||||||||||| ||und|| | ||
| 040 |
_e173006 _aMAIN |
||
| 041 | _aEnglish | ||
| 082 | _a891.437731 GS349 | ||
| 100 | _aधोष, श्याम सुन्दर | ||
| 245 | 0 | _aतिकड़न बनाम तिड़कन | |
| 260 |
_aदिल्ली _bहिन्दी साहित्य संसार _c1970 |
||
| 300 | _a84 पृ. p. | ||
| 942 | _cHN | ||
| 999 |
_c220812 _d220812 |
||